1259 1287 1953 1152 1263 1492 1952 1568 1183 1702 1032 1155 1980 1871 1226 1697 1660 1606 1119 1064 1240 1711 1353 1873 1467 1535 1194 1181 1145 1392 1066 1857 1073 1338 1222 1575 1959 1654 1565 1849 1100 1531 1074 1468 1765 1590 1950 1557 1910 1215 1297 1595 1076 1568 1774 1673 1801 1169 1918 1093 1497 1514 1130 1471 1966 1172 1477 1518 1015 1194 1502 1664 1072 1176 1470 1672 1954 1415 1257 1124 1572 1485 1064 1602 1088 1871 1665 1893 1368 1726 1340 1806 1585 1378 1105 1064 1800 1727 1553 BCNSPRNW ULIB Ver.6.0+V

เปลี่ยนเป็นภาษาไทย

Change to English
 แสดงรายละเอียดบรรณานุกรม
  กลับหน้าหลัก

Brief Record : Get Marc (ISO 2709) : E-mail record : QR code < ปิดหน้าต่าง
LEADER : 00000nam 2200000uu 4500
001    13399114992
003     ULIB
008    120627s2552||||th 000 0 tha d
020    ^a9786160600519
090    ^aนว.^bม576L 2552
100 0  ^aมิ้นตี้
245 00 ^aLittle Belief ภารกิจลับปลุกชีพจรรัก/^cมิ้นตี้
250    ^aพิมพ์ครั้งที่ 1
260    ^aกรุงเทพฯ :^bแจ่มใส,^c2552
300    ^a209 หน้า
710 1  ^aแจ่มใส
945    ^p159^l0^i16302
995    ^aกัณชพร
999    ^aใช้งานได้ทุกระบบ
รายการนี้ยังไม่มีแท็ก
คุณยังไม่ได้ล็อกอิน คุณสามารถมีกิจกรรมร่วมกับเว็บไซต์ได้ แต่ต้องล็อกอินก่อน ::
  ล็อกอิน

รายการสื่อสารสนเทศ

ลำดับที่ ประเภท เลขเรียก/บาร์โค้ด สถานที่ สถานะ
- ไม่พบข้อมูล -

รายการใกล้เคียง
    ผู้แต่ง [มิ้นตี้]

BibComment


ยังไม่เคยถูกคอมเมนท์

คอมเมนท์ทรัพยากรรายการนี้
  คอมเมนท์: Little Belief ภา..


 Copyright 2026. Bcnsprnw @Library